Logo BPK

Biblioteka

Politechniki Koszalińskiej

Zasady funkcjonowania giełdy : (Rekord nr 39458)

Szczegóły MARC
000 -ETYKIETA REKORDU
podpole kontrolne o stałej długości 00610nam a2200193 i 4500
001 - NUMER KONTROLNY REKORDU
pole kontrolne bg
020 ## - MIĘDZYNARODOWY ZNORMALIZOWANY NUMER KSIĄŻKI - ISBN
ISBN 8386212004
040 ## - ŹRÓDŁO KATALOGOWANIA
Instytucja, która utworzyła rekord BPK
041 0# - KOD JĘZYKA
Kod języka tekstu pl
080 ## - UNIWERSALNA KLASYFIKACJA DZIESIĘTNA - UKD
UKD 336.76:347.731(438)
920 ## - Międzynarodowy znormalizowany numer książki – ISBN
ISBN 83-86212-00-4
008 - POLE O STAŁEJ DŁUGOŚCI - DANE KONTROLNE
podpole kontrolne o stałej długości s pl f |000 0 pol
100 1# - NAZWA OSOBOWA
Nazwa osobowa BUCHACZ, Jan.
245 00 - TYTUŁ/ODPOWIEDZIALNOŚĆ
Tytuł Zasady funkcjonowania giełdy :
Ciąg dalszy tytułu rynek papierów wartościowych (stan prawny 15.01.1994 r.) /
Pozostałe elementy strefy tytułu i oznaczenia odpowiedzialności Jan Buchacz.
260 ## - STREFA ADRESU WYDAWNICZEGO
Miejsce wydania Jaktarów :
Nazwa wydawcy/dystrybutora Ośrodek Doradztwa i Szkolenia,
Data publikacji, dystrybucji/powstania dokumentu 1994.
300 ## - STREFA OPISU FIZYCZNEGO
Objętość 217 s. ;
Rozmiary 21 cm.
650 #9 - HASŁO PRZEDMIOTOWE W FORMIE NAZWY OGÓLNEJ LUB JEDNOSTKOWEJ
Nazwa ogólna lub geograficzna Giełda papierów wartościowych
Określnik ogólny prawo
Określnik geograficzny Polska
Określnik chronologiczny stan na 1994 r.
856 ## - LOKALIZACJA I DOSTĘP DO ELEKTRONICZNYCH DOKUMENTÓW ZDALNYCH
Link (URL) http://koha.tu.koszalin.pl/cgi-bin/koha/opac-detail.pl?biblionumber=39458
Tekst linku Katalog online BPK
942 ## - DODATKOWE ELEMENTY (KOHA)
Typ dokumentu Książka
Egzemplarze
Wycofany Status egzemplarza Uszkodzony Dostępność Lokalizacja stała Lokalizacja bieżąca Miejsce przechowywania Sygnatura Kod kreskowy Ostatnio wypożyczono Typ dokumentu
      Dostępny Biblioteka Politechniki Koszalińskiej Biblioteka Politechniki Koszalińskiej Wypożyczalnia BG 58828 01555417 02.09.2016 Książka
© 2023 Biblioteka Politechniki Koszalińskiej :: KOHA